00542nam a2200181 a 45000010010000000030011000100080041000210350026000620820016000881000024001042450032001282600049001606500014002099420012002239520090002359980020003259990015003450000-8824ELIB.Books110520 1967  a(ELIB.Books)0000-8970 a234.2 bSch aSchultz, Richard J. aThis is the Christian Faith bSt. Louis: Concordia Publishing House c1967 aSalvation 2ddccBK 00102ddc4070aKBTSbKBTSd2011-05-20l0p7409r2022-01-22 00:00:00w2022-01-22yBK cbate2011-05-20 c8824d8824